| 000 | 00601nam a22002177a 4500 | ||
|---|---|---|---|
| 003 | OSt | ||
| 005 | 20160608193524.0 | ||
| 008 | 160608b xxu||||| |||| 00| 0 eng d | ||
| 020 | _a9780071081719 | ||
| 040 | _cDDC | ||
| 082 | _a005.117 SCH 2007 | ||
| 100 |
_aSchach, Stephen R. _99290 |
||
| 245 | _aObject-oriented and Classical Software Engineering | ||
| 250 | _a8th ed. | ||
| 260 | _aNew York; McGraw Hill, 2007 | ||
| 300 | _axix,667p; col.ill: 24cm | ||
| 504 | _aAppendice, & index included | ||
| 650 |
_aObject-Oriented _99291 |
||
| 650 |
_aSoftware Engineering _9565 |
||
| 942 |
_2z _cO_SHELF |
||
| 999 |
_c4306 _d4306 |
||